[Event "UZB-ch Men 2021"]
[Site "Tashkent"]
[Date "2021.04.21"]
[Round "5.5"]
[White "Madaminov, Mukhiddin"]
[Black "Begmuratov, Khumoyun"]
[Result "1-0"]
[WhiteElo "2258"]
[BlackElo "1971"]
[Annotator "TA"]
[PlyCount "121"]
[EventDate "2021.04.17"]
[EventType "tourn"]
[EventCountry "UZB"]
[SourceTitle "playchess.com"]
[Source "ChessBase"]
[SourceQuality "1"]

{[%evp 17,121,-4,5,29,61,0,0,0,7,0,0,-12,0,-52,-37,-63,-29,-16,-39,-19,0,0,0,0,0,0,35,0,117,87,144,160,157,145,136,140,150,67,94,0,148,143,162,167,195,177,251,241,272,225,335,344,317,147,149,140,248,241,370,370,345,300,355,263,289,271,278,277,284,286,291,291,292,293,252,106,551,445,429,424,690,690,667,647,605,113,113,113,114,113,113,113,205,189,202,179,241,245,389,375,460,422,1016,1012,29967,12218]} 1. e4 e5 2. Nf3 Nc6 3. d4 exd4 4. Nxd4 Nf6 5. Nxc6 bxc6 6. e5 Qe7 7. Qe2 Nd5 8. c4 {8.h4 is more fashionable.} Ba6 9. Nd2 Nb6 10. b3 {C45: Scotch Game.} g6 11. Nf3 (11. Ne4 $14) 11... Bg7 $11 12. Bg5 {The position is equal.} Qe6 13. O-O-O O-O 14. Re1 {[#]} c5 $146 ({Predecessor:} 14... Rfe8 15. Qd2 c5 16. Bd3 Bb7 17. h4 h5 18. Bh6 Qg4 19. Bxg7 Kxg7 20. Rh3 Bxf3 21. Rxf3 Qxh4 {1-0 (31) Brilej,J (2098)-Stage Steffensen,S (1944) Riga 2018}) 15. Qc2 ({Better is} 15. Qe3 $11) 15... Bb7 $15 16. Bd3 a5 17. a4 $1 Rfe8 18. Bd2 $1 d5 19. exd6 $1 Qxd6 20. Rxe8+ Rxe8 21. Re1 $1 {[%cal Re1e8]} Rd8 22. Be4 Bxe4 (22... Ba6 $11 {remains equal.}) 23. Qxe4 $16 Qf6 (23... h5 $142) 24. Qe5 Qc6 25. Qe7 $36 {[%mdl 2048] White has strong initiative.} Rf8 26. Qe4 $1 {[%cal Re4c6]} (26. Bxa5 Nxc4 $1 27. bxc4 Qxa4 $17) 26... Qf6 27. Qe5 (27. Ne5 $1 $16) 27... Qc6 $1 $14 28. Qe4 ({White should play} 28. Qf4 $1) 28... Qf6 $1 $16 {[%cal Rf6b2]} 29. Ne5 $1 Re8 {[%cal Re8e5]} 30. f4 Qd6 {With the idea ...f6.} 31. Qf3 (31. Bxa5 $6 f6 $16) 31... Bh6 (31... Bxe5 $142 32. fxe5 Rxe5 33. Rxe5 Qxe5) 32. Kc2 $18 Bg7 33. Qc6 Rc8 (33... Ra8 $142) 34. Qxd6 cxd6 35. Nd3 (35. Bxa5 $18 Na8 36. Nd7) 35... Ra8 $16 36. Re7 $1 d5 (36... Bf6 $16 37. Rb7 Bd8) 37. Rb7 $1 $18 {[%cal Rb7b6]} (37. Nxc5 Bf8 $14) 37... Nc8 (37... dxc4 $142 38. Rxb6 (38. Nxc5 cxb3+ 39. Kxb3 Nd5 $16) 38... cxd3+ 39. Kxd3 Rd8+ 40. Kc2 Re8 41. Bxa5 Bd4) 38. cxd5 Nd6 39. Rd7 (39. Nxc5 Rc8 $15) 39... Nf5 40. Bc3 c4 {And now ...Ne3+ would win.} 41. Ne5 ({Less strong is} 41. bxc4 Ne3+ 42. Kb3 (42. Kd2 Nxc4+ 43. Kc2 Rc8 $15) 42... Rb8+ 43. Bb4 Bd4 $16) 41... cxb3+ 42. Kxb3 Ne3 43. Nc6 Bxc3 44. Kxc3 Nxg2 {[%mdl 4096] Endgame KRN-KRN} 45. Kd4 Nxf4 46. Ke4 (46. d6 $18 {has better winning chances.}) 46... Ne2 $2 {[%mdl 8192]} (46... Nh5 $16 {is a better chance.} 47. Kd4 f5) 47. d6 $1 Re8+ 48. Kf3 Ng1+ (48... Re6 $142 49. Rd8+ (49. Nxa5 Nd4+ 50. Kf2 Re2+ 51. Kg3 h5 $11) 49... Kg7) 49. Kg2 Ne2 50. Re7 Kf8 {Strongly threatening ...Rxe7.} 51. d7 $2 Rd8 $16 52. Rxe2 Rxd7 53. Nxa5 {Hoping for Nc6. KRN-KR} Ra7 {[#]} 54. Re5 f6 {[#]} (54... f5 $16 55. Kf3 Kf7) 55. Rb5 $1 $18 {[%cal Rb5b8] Black must now prevent Rb8+.} Ra6 56. Kf3 Ke7 (56... f5 $142 57. Rc5 Kg7) 57. Ke4 Ke6 (57... f5+ {keeps fighting.} 58. Ke5 Kf8) 58. Kd4 f5 59. Kc5 {Rb6+ is the strong threat.} Ke5 (59... Kd7 $142 60. Nc4 Kc7) 60. Nc6+ Ke4 61. Ra5 {Weighted Error Value: White=0.23/Black=0.60} 1-0

[Event "UZB-ch Men 2021"]
[Site "Tashkent"]
[Date "2021.04.21"]
[Round "5.6"]
[White "Yakubboev, Nodirbek"]
[Black "Dzhumaev, Marat"]
[Result "1-0"]
[WhiteElo "2605"]
[BlackElo "2425"]
[Annotator "TA"]
[PlyCount "95"]
[EventDate "2021.04.17"]
[EventType "tourn"]
[EventCountry "UZB"]
[SourceTitle "playchess.com"]
[Source "ChessBase"]
[SourceQuality "1"]

{[%evp 18,95,41,41,73,47,126,133,116,116,127,132,227,218,224,199,205,207,200,121,129,109,145,108,143,83,88,83,162,165,158,168,144,154,216,185,235,230,246,243,354,354,354,354,279,347,321,281,270,258,260,251,318,291,334,338,332,332,315,242,333,328,347,347,347,347,557,535,1465,1453,991,342,1384,1423,1444,1326,2412,1859,1479,1387]} 1. e4 c5 2. Nf3 e6 3. c3 Nf6 4. e5 Nd5 5. Bc4 d6 6. d4 cxd4 7. cxd4 Nc6 8. O-O Be7 9. Qe2 Nb6 10. Bb3 dxe5 {B22: Sicilian: 2 c3.} 11. dxe5 Nd4 ({Black should try} 11... Nd5 $14) 12. Nxd4 $16 Qxd4 {White is clearly better.} 13. Rd1 {[#]} Qb4 $146 ({Predecessor:} 13... Qc5 14. Nc3 Bd7 15. a3 Bc6 16. Bf4 O-O 17. Rac1 Rfd8 18. Ne4 Qb5 19. Qxb5 Bxb5 {½-½ (31) Szabo,G (2533)-Daianu,C (2240) Arad 2012}) 14. Bd2 Qc5 (14... Qh4 $16) 15. Na3 $18 {[%cal Bb1a3,Ba3c4,Bc4a5,Ba5b7][%mdl 32]} Nd7 16. Bf4 {aiming for Rac1.} Qb4 17. Nc4 O-O 18. Bd2 Qb5 19. Rac1 Rd8 20. Bc2 {[#] a4 is the strong threat.} Nf8 21. a4 ({White should play} 21. Bd3) 21... Qe8 $16 22. Na5 Bd7 (22... Rb8 $16) 23. Nxb7 $18 Rdb8 24. Be4 $36 {[%mdl 2048] White is in control.} Bxa4 25. Re1 Nd7 (25... a5 $16 26. Nd6 (26. Nxa5 Bb5 $16) 26... Bxd6) 26. Bc3 Rc8 27. Nd6 Bxd6 28. Bxa8 Bxe5 (28... Bc5 {was worth a try.}) 29. Bxe5 Nxe5 30. Rxc8 ({Less strong is} 30. Qxe5 Rxa8 31. Re4 Bc6 $16) 30... Qxc8 31. Qxe5 Qxa8 {[%mdl 4096] Endgame KQR-KQB} 32. Re4 Be8 33. Rg4 {[%csl Gg4][%cal Re5g7] [#]} g6 34. h3 a5 35. Rd4 a4 36. Qc7 {Black must now prevent Rd8!} Qc6 37. Qxc6 Bxc6 {KR-KB} 38. f4 Kg7 39. Kf2 h5 40. Rc4 Be8 41. g4 hxg4 $2 (41... Bb5 42. Rc5 Bd3) 42. hxg4 Kf6 43. g5+ Ke7 44. Rc5 $2 (44. Rc7+ Kd6 45. Ra7) 44... Kd6 $2 (44... f6 45. Ra5 fxg5 46. Rxg5 Kf8) 45. Ra5 {White is clearly winning.} Bc6 46. Ke3 Ke7 47. Kd4 Kd6 48. Ra6 {Weighted Error Value: White=0.23/Black=0.35} 1-0

[Event "UZB-ch Men 2021"]
[Site "Tashkent"]
[Date "2021.04.22"]
[Round "6.1"]
[White "Begmuratov, Khumoyun"]
[Black "Yakubboev, Nodirbek"]
[Result "0-1"]
[WhiteElo "1971"]
[BlackElo "2605"]
[Annotator "TA"]
[PlyCount "86"]
[EventDate "2021.04.17"]
[EventType "tourn"]
[EventCountry "UZB"]
[SourceTitle "playchess.com"]
[Source "ChessBase"]
[SourceQuality "1"]

{[%evp 14,86,-11,-16,0,0,0,-2,-3,-11,-22,-18,-22,-29,0,0,0,-38,-24,-95,-29,-71,24,14,24,-37,0,0,0,0,0,0,0,0,0,0,8,0,7,7,8,7,0,0,0,0,0,-261,-67,-300,-319,-317,-310,-310,-300,-294,-302,-301,-149,-299,-287,-366,-352,-472,-472,-747,-720,-727,-717,-695,-663,-1062,-990,-952,-902]} 1. e4 c5 2. Nf3 Nf6 3. e5 Nd5 4. c3 Nc6 5. d4 cxd4 6. cxd4 d6 7. exd6 Qxd6 8. Nc3 Bf5 {B22: Sicilian: 2 c3.} 9. Bc4 Nb6 10. Bb3 e6 $1 {[#] The position is equal.} 11. Bg5 $146 ({Predecessor:} 11. O-O Be7 12. d5 exd5 13. Nxd5 Nxd5 14. Qxd5 Qxd5 15. Bxd5 O-O 16. Bb3 Bf6 17. a3 Rfe8 18. Ba4 Be4 19. Be3 Bxb2 20. Ra2 Bf6 21. Rc1 Red8 22. Ng5 Bd5 {0-1 (43) Trapeznikova,D (2065)-Hua,L (2305) Chess.com INT 2020}) 11... Be7 12. Bxe7 Nxe7 13. Ne5 Rd8 14. Qe2 O-O (14... Qxd4 $2 15. Rd1 $18) 15. g4 Bg6 ({But not} 15... Qxd4 $2 16. gxf5 Nbd5 17. Nxd5 $18) 16. h4 (16. Rd1 $11) 16... h6 ({And not} 16... Qxd4 17. Rd1 $14) (16... Nc6 $1 $17 {[%cal Rc6d4]} 17. Nxc6 Qxc6) 17. O-O-O Rc8 (17... Bh7 $17 18. g5 h5) 18. Nxg6 $11 Nxg6 19. g5 ({Better is} 19. Kb1 $11) 19... hxg5 20. hxg5 Nd5 $1 {[%cal Rd5c3]} 21. Bxd5 (21. Qh5 {seems wilder.} Rfd8 22. Bxd5 Qxd5 23. Kb1 Qf5+ 24. Ka1) 21... Qxd5 22. Qh5 {[%csl Gh1][%cal Rh5h7]} Rfd8 {Strongly threatening ...Qxa2.} 23. Kb1 Qf5+ {[%mdl 64] Double Attack} 24. Ka1 Rc6 25. d5 exd5 26. Nb5 {And now Nd4! would win.} Rb6 $1 {[%cal Rb6b5]} 27. Nd4 Qxf2 {[%csl Gb6][%cal Rf2b2]} 28. Rh2 Qf4 29. Re1 {Intending Qh7+ and mate.} f5 $1 ({Not} 29... Qxd4 30. Qh7+ Kf8 31. Qh8+ $3 {[%mdl 512]} Nxh8 32. Rxh8#) 30. Nf3 {[%mdl 8192] [#]} (30. Nxf5 $11 {and White stays safe.} Qxf5 31. Rhh1) 30... Rc8 $2 (30... Re6 $1 $19 {[%cal Re6e1][%mdl 512]} 31. Rhh1 Rde8) 31. Rd2 $2 ({White has to play} 31. Rhh1 $15) 31... Rbc6 $19 32. b3 Qc7 {( -> ...Rc1+)} 33. Qh1 Rc1+ 34. Rxc1 Qxc1+ 35. Qxc1 Rxc1+ {[%mdl 4096] Endgame KRN-KRN} 36. Kb2 {This move loses the game for White.} Rf1 37. Nd4 f4 38. Kc3 f3 {Black is clearly winning.} 39. Kd3 (39. Nf5 $142 f2 40. Kd3 Nf4+ 41. Ke3) 39... Ne5+ 40. Ke3 Ng4+ 41. Kf4 {[#]} f2 $1 42. Ne2 (42. Kf3 Ra1) 42... Rg1 {[%cal Rf2f1]} 43. Ng3 {[#]} Rxg3 $1 {[%mdl 64] Promotion.  Weighted Error Value: White=0.60/Black=0.15} 0-1

[Event "UZB-ch Men 2021"]
[Site "Tashkent"]
[Date "2021.04.22"]
[Round "6.2"]
[White "Shermuhammadov, Samandar"]
[Black "Madaminov, Mukhiddin"]
[Result "1-0"]
[WhiteElo "2063"]
[BlackElo "2258"]
[Annotator "TA"]
[PlyCount "95"]
[EventDate "2021.04.17"]
[EventType "tourn"]
[EventCountry "UZB"]
[SourceTitle "playchess.com"]
[Source "ChessBase"]
[SourceQuality "1"]

{[%evp 9,95,0,8,8,12,10,11,11,16,7,17,20,25,16,12,18,8,13,21,-12,0,-6,9,-18,-18,-18,-18,-20,-17,-18,-13,-29,-8,-14,-8,-11,-9,-14,6,5,218,218,214,209,234,220,216,220,196,216,202,201,212,197,194,200,333,331,455,404,587,587,686,684,681,681,4137,4137,2477,2010,2077,2079,12850,29936,12834,12253,5862,5854,29975,29976,29976,29977,29977,29977,29982,29983,29981,29982]} 1. Nf3 Nf6 2. b3 d5 3. Bb2 c5 4. e3 Nc6 5. Be2 e6 6. O-O {A06: Réti Opening: 1 Nf3 d5.} Bd6 7. d4 cxd4 8. Nxd4 {The position is equal.} e5 9. Nb5 Be7 10. c4 {[#] Threatens to win with cxd5.} Be6 11. cxd5 Nxd5 12. N1c3 Nxc3 13. Nxc3 O-O 14. Qxd8 Rfxd8 15. Rfd1 {[#]} f5 $146 ({Predecessor:} 15... f6 16. Kf1 Rac8 17. Rxd8+ Rxd8 18. Rd1 Rc8 19. Bf3 f5 20. Bd5 Kf7 21. Ke2 g6 {1-0 (57) Dragomirescu,A (2221)-Virovlansky,S (2432) Golden Sands 2013}) 16. Rxd8+ Rxd8 17. Rd1 Rxd1+ 18. Bxd1 a6 19. Kf1 Kf7 20. g3 b5 21. e4 g6 22. Bf3 {Black should prevent exf5.} Nb4 23. Ke2 fxe4 24. Bxe4 {Black must now prevent a3.} Bc5 $2 {A mistake that costs the game.} (24... Bf5 $11) 25. a3 $18 Bxb3 26. axb4 Bxb4 27. Bd5+ Bxd5 28. Nxd5 Bd6 29. Kd3 Ke6 30. Ke4 a5 {[#]} 31. Nc3 b4 32. Na4 h5 (32... Bc7 $142 33. Nc5+ Kd6) 33. f3 Bb8 34. Nc5+ Kd6 (34... Kf7 $142 35. Bxe5 Ba7) 35. Nb7+ Kc6 36. Nxa5+ Kb5 37. Nb3 Ka4 38. Nc5+ Kb5 39. Nd7 Ba7 40. Nxe5 g5 41. Bd4 b3 42. Nd3 ({Not} 42. Bxa7 $2 b2 $19) 42... Bb8 43. f4 gxf4 44. gxf4 {White mates.} Kc6 45. h3 Bd6 46. f5 Kd7 47. Kd5 Ba3 48. Nc5+ {Weighted Error Value: White=0.03/Black=0.37} 1-0

[Event "UZB-ch Men 2021"]
[Site "Tashkent"]
[Date "2021.04.22"]
[Round "6.3"]
[White "Abdusattorov, Nodirbek"]
[Black "Rakhmatullaev, Almas"]
[Result "1-0"]
[WhiteElo "2627"]
[BlackElo "2190"]
[Annotator "TA"]
[PlyCount "57"]
[EventDate "2021.04.17"]
[EventType "tourn"]
[EventCountry "UZB"]
[SourceTitle "playchess.com"]
[Source "ChessBase"]
[SourceQuality "1"]

{[%evp 11,56,-26,-2,-24,-12,-14,0,0,0,7,0,0,22,9,11,17,12,14,31,11,20,29,31,33,26,20,25,0,51,51,72,65,131,127,116,77,88,93,96,99,29996,29997,29997,29998,29998,29999,29999]} 1. e4 e5 2. Nf3 Nc6 3. Bc4 Bc5 4. b4 Bxb4 5. c3 Ba5 6. d4 exd4 {Black wants to play ...Nf6. 6...d6 is the hot move.} 7. Qb3 {C52: Evans Gambit Accepted: 5 c3 Ba5.} Qe7 (7... Qf6 {feels hotter.} 8. O-O Bb6 9. e5 Qg6 10. cxd4 Nge7) 8. O-O Nf6 9. cxd4 $5 {[%mdl 4] Threatens to win with e5.The position is equal. A promising side line.} Nxe4 10. Ba3 Nd6 11. Nc3 {[#]} Bxc3 $146 ({Predecessor:} 11... O-O 12. Rfe1 Qf6 13. Nd5 Qd8 14. Bxd6 cxd6 15. Re3 Rb8 16. a4 b6 17. Qa3 Bb7 18. Qxd6 {1-0 (32) Pott,B (1781)-Hammerschmidt,V (1910) LSS email 2014}) 12. Qxc3 O-O 13. d5 b5 {[#]} 14. Rfe1 $1 Qd8 {[#]} 15. Bb2 $1 {[%csl Gb2][%cal Rc3g7]} Qf6 {[#]} (15... f6 16. Bb3) 16. Qc1 Qh6 (16... Qd8 17. Qc3) 17. Qxh6 gxh6 {[#]} 18. Bxb5 Nb4 {[#]} (18... Rb8 19. a4) 19. Rad1 $1 {Hoping for Rd4.} Nxb5 (19... Nxa2 $11 20. Bf1 Re8) 20. Re4 $40 {[%cal Re4g4][%mdl 128] White has some attack.} f6 21. Rxb4 Ba6 (21... Nd6 $14) 22. Rg4+ $16 {[%mdl 1024] White has strong compensation.} Kf7 23. Rf4 Kg7 24. Re1 {aiming for Re7+.} Nd6 25. Re7+ Kg6 $2 {[%mdl 8192] This move loses the game for Black.} (25... Rf7 $16 26. Bxf6+ (26. Rxf6 $2 Rxe7 27. Rxd6+ Kf8 $19) 26... Kf8 27. Rxf7+ Nxf7) 26. Rg4+ {White mates.} Kh5 27. Reg7 {[%csl Gf3][%cal Rg4h4]} Nf5 {[#]} 28. Rh4+ $1 {[%mdl 576] Clearance} Nxh4 29. g4# {Weighted Error Value: White=0.05/Black=0.46} 1-0

[Event "UZB-ch Men 2021"]
[Site "Tashkent"]
[Date "2021.04.22"]
[Round "6.4"]
[White "Saydaliev, Saidakbar"]
[Black "Abdurakhmonov, Mukhammadali"]
[Result "1/2-1/2"]
[WhiteElo "2385"]
[BlackElo "2284"]
[Annotator "TA"]
[PlyCount "30"]
[EventDate "2021.04.17"]
[EventType "tourn"]
[EventCountry "UZB"]
[SourceTitle "playchess.com"]
[Source "ChessBase"]
[SourceQuality "1"]

{[%evp 29,30,0,33]} 1. e4 e5 2. Nf3 Nc6 3. Bb5 a6 4. Ba4 Nf6 5. O-O Be7 6. Re1 b5 7. Bb3 d6 8. c3 O-O 9. h3 Re8 10. d4 Bb7 11. Ng5 Rf8 12. Nf3 Re8 13. Ng5 Rf8 14. Nf3 Re8 {[#]} 15. Ng5 $146 ({Predecessor:} 15. a4 Bf8 16. Bg5 h6 17. Bxf6 Qxf6 18. Bd5 Reb8 19. Na3 Ne7 20. Bxb7 Rxb7 21. axb5 axb5 22. Nc2 Rbb8 23. Ne3 Qe6 24. Rxa8 Rxa8 {0-1 (53) Shirov,A (2662)-Fedoseev,V (2687) Chess.com INT 2021}) 15... Rf8 1/2-1/2

[Event "UZB-ch Men 2021"]
[Site "Tashkent"]
[Date "2021.04.22"]
[Round "6.5"]
[White "Abdisalimov, Abdimalik"]
[Black "Vokhidov, Shamsiddin"]
[Result "0-1"]
[WhiteElo "2392"]
[BlackElo "2529"]
[Annotator "TA"]
[PlyCount "130"]
[EventDate "2021.04.17"]
[EventType "tourn"]
[EventCountry "UZB"]
[SourceTitle "playchess.com"]
[Source "ChessBase"]
[SourceQuality "1"]

{[%evp 12,130,0,0,0,0,20,7,30,0,0,0,0,0,0,0,10,6,24,0,0,0,0,0,0,-47,-66,-180,-180,-174,-101,-93,-107,-100,-102,-123,-117,-126,-126,-115,-102,-123,-121,-340,-36,-95,-95,-177,-171,-161,-170,-168,-109,-131,-125,-94,-91,-120,-110,-158,-141,-231,-224,-277,-89,-96,-98,-91,-91,-102,-62,-62,-63,-122,-115,-149,-149,-149,-149,-149,-149,-149,-149,-149,-149,-197,-149,-263,-263,-256,-256,-368,-247,-349,-142,-11283,-10895,-5179,-5140,-29963,-29964,-29963,-29965,-29966,-29967,-29971,-29970,-29970,-29971,-29971,-29971,-29971,-29972,-29972,-29973,-29971,-29972,-29972,-29970,-29974,-29974]} 1. d4 Nf6 2. c4 e6 3. g3 d5 4. Bg2 Bb4+ 5. Bd2 Be7 6. Nf3 c6 7. Qc2 b6 {E11: Bogo-Indian.} 8. O-O Ba6 9. Bf4 Nbd7 {The position is equal.} 10. Ne5 Nxe5 11. dxe5 Nd7 12. cxd5 cxd5 13. Rd1 Rc8 14. Nc3 {Threatens to win with e4.} b5 (14... g5 $5 {[%cal Rg5f4]} 15. Be3 O-O $11) 15. e4 b4 16. Qa4 $1 {aiming for Nxd5.} bxc3 17. Qxa6 c2 ({Much worse is} 17... cxb2 18. Rab1 $16) 18. Rdc1 d4 $36 {[%mdl 2048] Black has good play.} 19. Qa4 (19. h4 $15) 19... d3 $19 {...0-0 is the strong threat.} 20. Qb5 {[#]} O-O $146 (20... Qb6 $19 21. Qxd3 Qxb2) ({Predecessor:} 20... Qb6 21. Qxd3 Qxb2 22. Bf1 Ba3 23. Re1 Qc3 24. Qxc3 Rxc3 25. Re3 Rxe3 26. Bxe3 Nxe5 {0-1 (35) Mahjoob,M (2529)-Quesada Perez,Y (2614) Khanty-Mansiysk 2010}) 21. Qxd3 $17 g5 22. Bd2 Nxe5 23. Qe2 {next Bc3 is good for White.} Nd3 24. Bc3 Nxc1 25. Rxc1 Qd7 26. Rxc2 Rfd8 27. Rd2 $2 {[#]} (27. Bf3 $17) 27... Qa4 $2 (27... Qxd2 $3 $19 {[%mdl 512]} 28. Qxd2 (28. Bxd2 $2 {loses.} Rc2 $19 {[%mdl 64] Double Attack}) 28... Rxd2 29. Bxd2 Rc2) 28. Bf3 (28. Rxd8+ $15 Rxd8 29. Bf1) 28... Qxa2 29. Kg2 (29. Rxd8+ $17 Rxd8 30. Kg2) 29... Qc4 $19 30. Rxd8+ Bxd8 31. Qd2 h6 (31... Qc5 $19 32. Bh5 Be7) 32. h4 $17 Qc5 33. hxg5 hxg5 34. Bh5 Qe7 35. Qd4 {[%csl Gc3][%cal Rd4h8]} e5 $1 {[%cal Re5d4]} 36. Qd5 (36. Qxe5 $17 Qxe5 37. Bxe5) 36... Bb6 $1 $19 37. Bxe5 {[#]} Rc5 (37... Rd8 $1 $19 {[%cal Rd8d5] has better winning chances.} 38. Qb5 Rd2) 38. Qa8+ $17 Qd8 39. Qxd8+ Bxd8 {[%mdl 4096] Endgame KRB-KB} 40. Bc3 Rc4 41. e5 g4 42. Kf1 {Black converts the advantage convincingly.} ({Better is} 42. f4 $15) 42... Bc7 43. Ke2 {[#]} Bxe5 $1 {[%mdl 512]} 44. Kd3 Rc5 45. Bxe5 Rxe5 46. Bxg4 {KR-KB} Rb5 47. Kc3 Kg7 48. b4 Kf6 49. Bd7 (49. Be2 $17 {is the only way for White.} Rb7 50. Ba6 Rc7+ 51. Kd4) 49... Rd5 $19 50. Bc6 Rd1 {Strongly threatening ...Rc1+.} 51. Kc4 (51. Bb5 $142) 51... Ke5 52. Kb5 (52. b5 {only move.}) 52... Kd6 (52... f6 $19 {and Black stays clearly on top.} 53. f3 Rd6) 53. f3 $2 {[%mdl 8192]} (53. Ba8 $17) 53... a6+ 54. Kb6 Rb1 55. Bb7 Rxb4+ {Black mates.} 56. Kxa6 Kc5 {[%cal Rb4a4]} 57. Ka7 Kd4 58. f4 Ke3 59. f5 f6 60. Bd5 Kf2 61. g4 Rxg4 62. Kb6 Ke3 63. Kc5 Kf4 64. Be6 Ke5 65. Bd7 Rf4 {Weighted Error Value: White=0.42/Black=0.25} 0-1

[Event "UZB-ch Men 2021"]
[Site "Tashkent"]
[Date "2021.04.22"]
[Round "6.6"]
[White "Sindarov, Javokhir"]
[Black "Vakhidov, Jakhongir"]
[Result "1-0"]
[WhiteElo "2544"]
[BlackElo "2533"]
[Annotator "TA"]
[PlyCount "133"]
[EventDate "2021.04.17"]
[EventType "tourn"]
[EventCountry "UZB"]
[SourceTitle "playchess.com"]
[Source "ChessBase"]
[SourceQuality "1"]

{[%evp 18,133,0,0,0,0,0,0,0,0,0,0,5,0,27,12,21,2,39,42,156,162,146,159,143,150,150,152,145,143,150,149,150,150,146,149,177,179,185,185,187,26,18,15,8,0,0,0,5,12,12,8,1,9,8,8,8,8,12,0,12,0,9,0,0,0,0,0,0,0,0,0,0,0,0,0,0,0,0,0,0,0,0,7,0,0,93,93,93,0,0,0,93,0,0,0,0,0,0,0,29982,29983,29983,29975,29971,29976,29984,29985,29986,29985,29987,29988,29991,29992,29997,29998,29998,29999]} 1. e4 c5 2. Nc3 Nc6 3. Nge2 g6 4. d4 cxd4 5. Nxd4 Bg7 6. Be3 Nf6 7. Nxc6 bxc6 8. e5 Ng8 9. f4 Nh6 {The main line 9...Nh6 scores better than 9...f6.} 10. Qd2 O-O {B34: Sicilian: Accelerated Dragon with 5 Nc3: sidelines.} 11. O-O-O d6 12. exd6 exd6 {The position is equal.} 13. Bd4 ({Of course not} 13. Qxd6 Qxd6 14. Rxd6 Bxc3 $15) 13... Bxd4 14. Qxd4 Nf5 15. Qd2 d5 16. g4 Nd6 17. f5 gxf5 {[#]} 18. Qf4 $146 ({Predecessor:} 18. gxf5 Bxf5 19. Bd3 Bg6 20. h4 f5 21. h5 Be8 22. Qh6 Qf6 23. Rdg1+ Kh8 24. Rg6 Bxg6 25. hxg6 {0-1 (60) Pruess,D (2197)-Mont Reynaud,J (2225) San Francisco 1999}) 18... Ne4 (18... Re8 $14) 19. gxf5 $16 Nxc3 20. Qg3+ ({Don't play} 20. bxc3 $6 f6 $14) 20... Kh8 21. Qxc3+ {[%mdl 64] Double Attack} f6 22. Qxc6 Bxf5 {Threatens to win with ...Rc8.} 23. Rxd5 Qe7 {[#]} 24. Bd3 $1 Be4 25. Bxe4 Qxe4 26. Rd6 Qf4+ 27. Kb1 Rac8 28. Qd5 Rg8 29. Qd1 $2 (29. Qe6 $18) 29... Rxc2 $1 $11 30. Kxc2 Qe4+ 31. Kd2 Qf4+ $1 32. Kc2 Qe4+ 33. Rd3 Rc8+ $1 34. Kb1 Rd8 $1 {[%cal Rd8d3] [#]} 35. Re1 $1 Rxd3 {[%cal Rd3d1]} 36. Rxe4 Rxd1+ {[%mdl 4096] Endgame KR-KR} 37. Kc2 Rh1 38. h4 Kg7 39. b4 f5 40. Rc4 Kf6 41. b5 Ke5 42. Ra4 Rh2+ 43. Kd3 Rh3+ 44. Ke2 Kd5 45. Rxa7 Rxh4 46. a4 {b6 is the strong threat.} Kc5 47. Ra6 Rb4 48. Kd3 f4 49. Kc3 {Strongly threatening Rc6+.} Rc4+ 50. Kb3 {aiming for Rc6+.} Rb4+ 51. Ka3 {And now Rc6+ would win.} Re4 (51... Rb1 $11 {remains equal.}) 52. Rc6+ $16 Kd5 53. Rf6 ({Better is} 53. Rc7 $16) 53... Kc5 $11 54. Rc6+ ({White should try} 54. b6 $11 Re3+ 55. Ka2) 54... Kd5 $16 55. Rc1 (55. Rc8 $16) 55... f3 $11 56. b6 f2 $1 57. b7 Re8 58. a5 {[%cal Ba4a5,Ba5a6][%mdl 32] Hoping for a6.} (58. Rf1 {feels hotter.} Kc6 59. b8=R Rxb8 60. Rxf2 Rh8 61. Rf6+) 58... f1=Q {[%mdl 8192]} (58... Re3+ $11 59. Kb4 Re4+ 60. Kb3 Re3+ 61. Kc2 Re1) 59. Rxf1 {White mates.} Kc6 60. a6 Kb6 61. Rf6+ Ka7 62. Rc6 Rb8 63. Rc8 h5 64. Kb4 h4 65. Kb5 h3 66. Rxb8 {[%mdl 64] Overworked Piece} Kxb8 67. Kb6 {[%csl Gb6][%cal Ra6a7] Weighted Error Value: White=0.11/Black=0.17} 1-0